header

Adobe InDesign CS5 bible (Record no. 205499)

MARC details
000 -LEADER
fixed length control field 01506nam a2200325 a 4500
100 1# - MAIN ENTRY--AUTHOR NAME
Personal name Gruman, Galen.
245 10 - TITLE STATEMENT
Title Adobe InDesign CS5 bible
260 ## - PUBLICATION, DISTRIBUTION, ETC. (IMPRINT)
Place of publication Indianapolis, Ind. :
Name of publisher Wiley Pub., Inc.,
Year of publication 2010.
300 ## - PHYSICAL DESCRIPTION
Number of Pages xliv, 891 p. :
Other physical details ill. (some col.)
500 ## - GENERAL NOTE
General note Includes index.
505 0# - FORMATTED CONTENTS NOTE
Formatted contents note pt. 1. Welcome to InDesign -- pt. 2. Document fundamentals -- pt. 3. Object fundamentals -- pt. 4. Graphics fundamentals -- pt. 5. Text fundamentals -- pt. 6. Business document fundamentals -- pt. 7. Output fundamentals -- pt. 8. Multimedia fundamentals -- pt. 9. Programming InDesign -- pt. 10. Appendixes.
650 #0 - SUBJECT ADDED ENTRY--TOPICAL TERM
Topical Term Desktop publishing.
Topical Term Presentation graphics software.
856 40 - ELECTRONIC LOCATION AND ACCESS
Uniform Resource Identifier http://site.ebrary.com/lib/rucke/Doc?id=10387093

No items available.

© 2026 Rongo University
Contact us: librarian | system librarian | Rongo university